Clínica quirúrgica (Record no. 115498)
[ view plain ]
| 000 -LEADER | |
|---|---|
| campo de control de longitud fija | 01066nam a2200253 i 4500 |
| 001 - NÚMERO DE CONTROL | |
| campo de control | 115498 |
| 003 - IDENTIFICADOR DE NÚMERO DE CONTROL | |
| campo de control | ES-MaACL |
| 005 - FECHA Y HORA DE LA ÚLTIMA TRANSACCIÓN | |
| campo de control | 20250806085412.0 |
| 007 - CAMPO FIJO DE DESCRIPCIÓN FÍSICA--INFORMACIÓN GENERAL | |
| campo de control de longitud fija | t| |
| 008 - DATOS DE LONGITUD FIJA--INFORMACIÓN GENERAL | |
| campo de control de longitud fija | 070313s1880 sp ||||1| spa d |
| 100 1# - ENTRADA PRINCIPAL--NOMBRE DE PERSONA | |
| Nombre de persona | Rizzoli, Francesco. |
| 9 (RLIN) | 97760 |
| 245 10 - MENCIÓN DEL TÍTULO | |
| Título | Clínica quirúrgica |
| Resto del título | : Memorias de cirugía y de obstetricia / |
| Mención de responsabilidad, etc. | Francisco Rizzoli ; traducidas del italiano y adicionadas de las notas del traductor francés dr. Andreini, por José Ustáriz, acompañadas de un prólogo de Juan Creus y Manso. |
| 260 ## - PUBLICACIÓN, DISTRIBUCIÓN, ETC. | |
| Lugar de publicación, distribución, etc. | Madrid : |
| Nombre del editor, distribuidor, etc. | [s.n.], |
| Fecha de publicación, distribución, etc. | 1880 ( |
| Fabricante | Tip. Enrique Teodoro) |
| 300 ## - DESCRIPCIÓN FÍSICA | |
| Extensión | 2 v. : |
| Otras características físicas | il. ; |
| Dimensiones | 23 cm. |
| 490 1# - MENCIÓN DE SERIE | |
| Mención de serie | Biblioteca económica medicina y cirujía |
| 650 #7 - PUNTO DE ACCESO ADICIONAL DE MATERIA--TÉRMINO DE MATERIA | |
| Término de materia o nombre geográfico como elemento de entrada | Obstetricia |
| Fuente del encabezamiento o término | embne |
| 9 (RLIN) | 15676 |
| 650 07 - PUNTO DE ACCESO ADICIONAL DE MATERIA--TÉRMINO DE MATERIA | |
| Término de materia o nombre geográfico como elemento de entrada | Cirugía |
| Fuente del encabezamiento o término | embne |
| 9 (RLIN) | 11050 |
| 700 1# - ENTRADA AGREGADA--NOMBRE PERSONAL | |
| Nombre de persona | Ustáriz y Escribano, José. |
| 9 (RLIN) | 112318 |
| 700 1# - ENTRADA AGREGADA--NOMBRE PERSONAL | |
| Nombre de persona | Creus y Manso, Juan. |
| 9 (RLIN) | 41578 |
| 700 1# - ENTRADA AGREGADA--NOMBRE PERSONAL | |
| Nombre de persona | Andreini, Rinaldo. |
| 9 (RLIN) | 152583 |
| 830 0# - PUNTO DE ACCESO ADICIONAL DE SERIE-TÍTULO UNIFORME | |
| Título uniforme | Biblioteca económica de medicina y cirujía |
| 9 (RLIN) | 186248 |
| 852 ## - LOCALIZACIÓN | |
| Ubicación | ES-MaACL |
| Número de control de estantería | B-12704-05 |
| Nota libre | .- Legado Gustavo Saenz Diez |
| Estatus retirado | Estado de pérdida | Estado de daño | No para préstamo | Colección | Biblioteca de origen | Biblioteca actual | Ubicación en estantería | Fecha de adquisición | Fuente de adquisición | Total de préstamos | Signatura topográfica completa | Código de barras | Visto por última vez | Precio de reemplazo | Tipo de ítem Koha |
|---|---|---|---|---|---|---|---|---|---|---|---|---|---|---|---|
| Libros del s. XIX | Biblioteca del Ateneo de Madrid | Biblioteca del Ateneo de Madrid | Sala Pardo Bazán | 17/01/2008 | B-12704-05 | 1120427 | 23/02/2023 | 23/02/2023 | Libro impreso antiguo |
